[Event "EU Union-ch U08"]
[Site "Kouty nad Desnou"]
[Date "2021.08.22"]
[Round "9.1"]
[White "Broz, Pavel"]
[Black "Sofronie, Vladimir"]
[Result "0-1"]
[WhiteElo "1139"]
[BlackElo "1495"]
[PlyCount "72"]
[EventDate "2021.08.14"]
[EventType "swiss"]
[EventRounds "9"]
[EventCountry "CZE"]
[SourceTitle "EXT 2022"]
[Source "ChessBase"]
[SourceDate "2021.10.06"]
[SourceVersion "1"]
[SourceVersionDate "2021.10.06"]
[SourceQuality "1"]

1. e4 c5 2. Nf3 e6 3. Nc3 a6 4. d4 cxd4 5. Qxd4 Nc6 6. Qd1 b5 7. Bd3 d6 8. Be3 Nf6 9. 0-0 Be7 10. a4 b4 11. Na2 Bb7 12. Qd2 a5 13. c3 d5 14. Bb5 Nxe4 15. Qc1 Rc8 16. Ne5 0-0 17. Bxc6 Bxc6 18. cxb4 Bxa4 19. Qe1 Bb5 20. bxa5 Bxf1 21. Kxf1 Bf6 22. Bb6 Qd6 23. Nf3 Bxb2 24. Rb1 Qa3 25. Ra1 Bxa1 26. Qxa1 Rc4 27. Ne5 Qxa2 28. Qxa2 Rc1+ 29. Ke2 Nc3+ 30. Kd2 Nxa2 31. Nd3 Rc4 32. Nb2 Rc6 33. Bd4 Rfc8 34. Ke3 Nb4 35. Na4 Nc2+ 36. Kd3 Nxd4 0-1

[Event "CZE-chT2C 1516"]
[Site "Czech Republic"]
[Date "2016.03.13"]
[Round "9.8"]
[White "Broz, Pavel"]
[Black "Ruzicka, Ales"]
[Result "0-1"]
[WhiteElo "1867"]
[BlackElo "2074"]
[PlyCount "102"]
[EventDate "2015.10.18"]
[EventType "team-tourn"]
[EventRounds "11"]
[EventCountry "CZE"]
[SourceTitle "EXT 2022"]
[Source "ChessBase"]
[SourceDate "2021.10.06"]
[SourceVersion "1"]
[SourceVersionDate "2021.10.06"]
[SourceQuality "1"]
[WhiteTeam "Svetla nad Sazavou"]
[BlackTeam "Tabor"]
[WhiteTeamCountry "CZE"]
[BlackTeamCountry "CZE"]

1. e4 c5 2. Nf3 d6 3. d4 cxd4 4. Nxd4 Nf6 5. Nc3 a6 6. Bg5 e6 7. f4 Nbd7 8. Qf3 Qc7 9. 0-0-0 b5 10. g4 Bb7 11. Bxf6 gxf6 12. Bd3 b4 13. Na4 Nc5 14. b3 Nxa4 15. bxa4 Qc3 16. Nb3 Qc7 17. Rhe1 Bh6 18. g5 fxg5 19. Qh5 Bg7 20. Qxg5 Bc3 21. Re2 h6 22. Qa5 Rc8 23. Qxc7 Rxc7 24. Na5 Bc8 25. Nc4 Ke7 26. Nb6 Bb7 27. Nc4 Bc6 28. Nb6 a5 29. Bb5 Bxb5 30. axb5 Rb8 31. Na4 Rxb5 32. Rd3 Bg7 33. Red2 Rc6 34. Nb2 h5 35. Rf2 Bxb2+ 36. Kxb2 Rc4 37. Re2 f5 38. e5 dxe5 39. fxe5 Re4 40. Rxe4 fxe4 41. Re3 Rxe5 42. c4 bxc3+ 43. Kxc3 Kf6 44. Kd4 Kf5 45. Rh3 Rd5+ 46. Kc4 Kg4 47. Rg3+ Kf4 48. Rg6 Rd2 49. Rxe6 Rxa2 50. Kd4 Rd2+ 51. Kc3 Rxh2 0-1

[Event "CZE-chT2C 1516"]
[Site "Czech Republic"]
[Date "2016.01.10"]
[Round "5.7"]
[White "Matejka, Petr"]
[Black "Broz, Pavel"]
[Result "1/2-1/2"]
[WhiteElo "2073"]
[BlackElo "1867"]
[PlyCount "48"]
[EventDate "2015.10.18"]
[EventType "team-tourn"]
[EventRounds "11"]
[EventCountry "CZE"]
[SourceTitle "EXT 2022"]
[Source "ChessBase"]
[SourceDate "2021.10.06"]
[SourceVersion "1"]
[SourceVersionDate "2021.10.06"]
[SourceQuality "1"]
[WhiteTeam "Praha Bohemians"]
[BlackTeam "Svetla nad Sazavou"]
[WhiteTeamCountry "CZE"]
[BlackTeamCountry "CZE"]

1. d4 d5 2. c4 e6 3. Nc3 Nf6 4. Bg5 Be7 5. e3 0-0 6. Nf3 Nbd7 7. Bd3 dxc4 8. Bxc4 c5 9. 0-0 cxd4 10. Nxd4 Qa5 11. Bh4 Nb6 12. Bd3 a6 13. Qc2 Qh5 14. Bg3 Nbd5 15. a3 Bd7 16. Rac1 b5 17. Ne4 Nxe4 18. Bxe4 Rac8 19. Qd2 b4 20. Bf3 Qg6 21. Bxd5 exd5 22. axb4 Qb6 23. Rxc8 Rxc8 24. Rc1 Rxc1+ 1/2-1/2

[Event "Tabor op"]
[Site "Tabor"]
[Date "2012.08.05"]
[Round "9"]
[White "Toman, Antonin"]
[Black "Broz, Pavel"]
[Result "0-1"]
[WhiteElo "1959"]
[BlackElo "1841"]
[PlyCount "66"]
[EventDate "2012.07.29"]
[EventType "swiss"]
[EventRounds "9"]
[EventCountry "CZE"]
[SourceTitle "EXT 2013"]
[Source "ChessBase"]
[SourceDate "2012.11.22"]
[SourceVersion "1"]
[SourceVersionDate "2012.11.22"]
[SourceQuality "1"]

1. e4 e6 2. d4 d5 3. Nd2 Nf6 4. e5 Nfd7 5. Bd3 c5 6. c3 Nc6 7. Ne2 cxd4 8. cxd4 f6 9. exf6 Nxf6 10. 0-0 Bd6 11. Nf3 Qc7 12. Bg5 0-0 13. Qc1 Ng4 14. Bh4 Rxf3 15. gxf3 Nxh2 16. Qe3 Nxf1 17. Rxf1 Bd7 18. Kh1 Rf8 19. Rg1 Bf4 20. Nxf4 Qxf4 21. Qxf4 Rxf4 22. Bg5 Rxf3 23. Be3 e5 24. dxe5 Rh3+ 25. Kg2 Nxe5 26. Bb5 Rxe3 27. Bxd7 Rd3 28. Be6+ Kf8 29. Rc1 Rd2 30. Kg3 Ke7 31. Bg8 Kd6 32. b4 Rxa2 33. Rd1 Ra3+ 0-1

[Event "Tabor op"]
[Site "Tabor"]
[Date "2012.08.01"]
[Round "5"]
[White "Schmalz, Michal"]
[Black "Broz, Pavel"]
[Result "1-0"]
[WhiteElo "2049"]
[BlackElo "1841"]
[PlyCount "91"]
[EventDate "2012.07.29"]
[EventType "swiss"]
[EventRounds "9"]
[EventCountry "CZE"]
[SourceTitle "EXT 2013"]
[Source "ChessBase"]
[SourceDate "2012.11.22"]
[SourceVersion "1"]
[SourceVersionDate "2012.11.22"]
[SourceQuality "1"]

1. e4 e6 2. d4 d5 3. e5 c5 4. Nf3 Qb6 5. Bd3 Bd7 6. 0-0 Bb5 7. Bxb5+ Qxb5 8. Nc3 Qd7 9. Be3 cxd4 10. Bxd4 Nc6 11. Ne2 Nge7 12. Bc5 b6 13. Ba3 Na5 14. b3 Nb7 15. c4 Rd8 16. Qc2 Qc8 17. Rfd1 dxc4 18. Rxd8+ Nxd8 19. bxc4 Ng6 20. Bxf8 Rxf8 21. Ned4 a6 22. Qa4+ Ke7 23. Rb1 Qc7 24. Nb3 Qc8 25. Qb4+ Ke8 26. Qxb6 Nc6 27. Qc5 Qd7 28. Nbd4 Nge7 29. h3 f6 30. Rb6 Nxd4 31. Nxd4 fxe5 32. Nxe6 Rf6 33. Qxe5 Kf7 34. Qh5+ Kg8 35. Rb8+ Nc8 36. Qd5 Qxe6 37. Rxc8+ Kf7 38. Rc6 Qxd5 39. cxd5 Rf5 40. Rc7+ Ke8 41. Rxg7 Rxd5 42. Rxh7 Ra5 43. Kh2 Rxa2 44. Kg3 a5 45. Ra7 a4 46. f4 1-0

[Event "Tabor op"]
[Site "Tabor"]
[Date "2012.07.30"]
[Round "3"]
[White "Lamser, Miroslav"]
[Black "Broz, Pavel"]
[Result "1-0"]
[WhiteElo "2080"]
[BlackElo "1841"]
[PlyCount "61"]
[EventDate "2012.07.29"]
[EventType "swiss"]
[EventRounds "9"]
[EventCountry "CZE"]
[SourceTitle "EXT 2013"]
[Source "ChessBase"]
[SourceDate "2012.11.22"]
[SourceVersion "1"]
[SourceVersionDate "2012.11.22"]
[SourceQuality "1"]

1. d4 d5 2. Nf3 Nf6 3. c4 e6 4. Bg5 Be7 5. e3 0-0 6. Nc3 h6 7. Bh4 b6 8. Bd3 dxc4 9. Bxc4 Bb7 10. 0-0 Ne4 11. Bxe7 Qxe7 12. Rc1 Ng5 13. Be2 Na6 14. Nxg5 Qxg5 15. Bf3 Bxf3 16. Qxf3 c5 17. Rfd1 Qe7 18. dxc5 Nxc5 19. b4 Na6 20. a3 Rac8 21. Nb5 Rxc1 22. Rxc1 Qd7 23. Qc6 Qxc6 24. Rxc6 Nb8 25. Rc7 a6 26. Nd4 e5 27. Nf5 Rd8 28. Kf1 a5 29. bxa5 bxa5 30. Ke2 Nd7 31. Ne7+ 1-0

[Event "Kouty nad Desnou op-A"]
[Site "Kouty nad Desnou"]
[Date "2012.03.16"]
[Round "8"]
[White "Broz, Pavel"]
[Black "Hollan, Petr"]
[Result "1/2-1/2"]
[WhiteElo "1863"]
[BlackElo "1675"]
[PlyCount "59"]
[EventDate "2012.03.10"]
[EventType "swiss"]
[EventRounds "9"]
[EventCountry "CZE"]
[SourceTitle "EXT 2013"]
[Source "ChessBase"]
[SourceDate "2012.11.22"]
[SourceVersion "1"]
[SourceVersionDate "2012.11.22"]
[SourceQuality "1"]

1. e4 e5 2. Nf3 Nc6 3. Bc4 Bc5 4. c3 Nf6 5. d3 h6 6. 0-0 0-0 7. Nbd2 d6 8. Bb3 Bd7 9. h3 Nh7 10. Nc4 Bb6 11. Nxb6 axb6 12. Be3 Kh8 13. d4 exd4 14. cxd4 Na5 15. Bc2 Nc6 16. a3 Ne7 17. Qd3 d5 18. Qd2 dxe4 19. Bxe4 Bc6 20. Bc2 Bxf3 21. gxf3 Ng6 22. Be4 c6 23. f4 f5 24. Bg2 Nh4 25. Kh1 Rf6 26. f3 Rg6 27. Rg1 Qd5 28. Qf2 Nxg2 29. Rxg2 Rxg2 30. Kxg2 1/2-1/2

[Event "Kouty nad Desnou op-A"]
[Site "Kouty nad Desnou"]
[Date "2011.03.12"]
[Round "1"]
[White "Mrazek, Lumir"]
[Black "Broz, Pavel"]
[Result "1-0"]
[WhiteElo "2160"]
[BlackElo "1920"]
[PlyCount "91"]
[EventDate "2011.03.12"]
[EventType "swiss"]
[EventRounds "9"]
[EventCountry "CZE"]
[SourceTitle "EXT 2014"]
[Source "ChessBase"]
[SourceDate "2013.11.20"]
[SourceVersion "1"]
[SourceVersionDate "2013.11.20"]
[SourceQuality "1"]

1. e4 e5 2. f4 exf4 3. Nf3 d5 4. exd5 Qxd5 5. Nc3 Qh5 6. d4 Bb4 7. Bxf4 Ne7 8. Bc4 0-0 9. 0-0 c6 10. Qe1 Nd7 11. a3 Bxc3 12. Qxe7 Nb6 13. Ba2 Bxb2 14. Rae1 Nd5 15. Bxd5 Qxd5 16. Qb4 Bxd4+ 17. Qxd4 Qxd4+ 18. Nxd4 c5 19. Nb3 b6 20. Bd6 Rd8 21. Bc7 Rf8 22. Re7 Be6 23. Rf4 Bd5 24. Kf2 Rfe8 25. Rxe8+ Rxe8 26. a4 Re4 27. Rxe4 Bxe4 28. Na1 Bc6 29. Bb8 a6 30. Ba7 Bxa4 31. Bxb6 c4 32. Ke3 Kf8 33. Kd4 Bb5 34. c3 Ke7 35. Nc2 Ke6 36. Ne3 f5 37. g3 g5 38. Bc7 h5 39. Nxc4 f4 40. gxf4 g4 41. Ne3 Be2 42. f5+ Kd7 43. Bg3 Bf3 44. Ke5 a5 45. f6 a4 46. Bh4 1-0

[Event "Kouty nad Desnou op-A"]
[Site "Kouty nad Desnou"]
[Date "2010.03.08"]
[Round "3"]
[White "Vojir, Vaclav Jr"]
[Black "Broz, Pavel"]
[Result "1/2-1/2"]
[WhiteElo "1773"]
[BlackElo "1983"]
[PlyCount "64"]
[EventDate "2010.03.06"]
[EventType "swiss"]
[EventRounds "9"]
[EventCountry "CZE"]
[SourceTitle "CBM 135 Extra"]
[Source "ChessBase"]
[SourceDate "2010.05.04"]
[SourceVersion "1"]
[SourceVersionDate "2010.05.04"]
[SourceQuality "1"]

1. d4 e6 2. c4 d5 3. Nc3 Nf6 4. Nf3 Be7 5. g3 c6 6. cxd5 exd5 7. Bg2 0-0 8. 0-0 Be6 9. b3 Nbd7 10. Bf4 Re8 11. Ne5 Nxe5 12. Bxe5 Qd7 13. Qd2 Bh3 14. Rfd1 Bxg2 15. Kxg2 Qe6 16. Bxf6 Bxf6 17. e3 h5 18. Qe2 g5 19. Qf3 Kg7 20. h4 Be7 21. Rac1 Ba3 22. Rc2 Qd7 23. Nb1 Bd6 24. Nc3 Re6 25. Kh2 Rf6 26. Qg2 Qg4 27. Qh3 Qxh3+ 28. Kxh3 Bb4 29. Kg2 Re8 30. Na4 Rfe6 31. Nc5 R6e7 32. a4 Bxc5 1/2-1/2

[Event "Kouty nad Desnou op-A"]
[Site "Kouty nad Desnou"]
[Date "2010.03.07"]
[Round "2"]
[White "Broz, Pavel"]
[Black "Hajek, Lukas"]
[Result "0-1"]
[WhiteElo "1983"]
[BlackElo "2120"]
[PlyCount "114"]
[EventDate "2010.03.06"]
[EventType "swiss"]
[EventRounds "9"]
[EventCountry "CZE"]
[SourceTitle "CBM 135 Extra"]
[Source "ChessBase"]
[SourceDate "2010.05.04"]
[SourceVersion "1"]
[SourceVersionDate "2010.05.04"]
[SourceQuality "1"]

1. e4 e6 2. d3 d5 3. Nc3 c5 4. g3 b6 5. Bf4 Na6 6. Bg2 Bb7 7. Qe2 d4 8. Nb5 Qd7 9. Na3 Ne7 10. Nf3 Ng6 11. Bd2 0-0-0 12. Nc4 Bd6 13. a3 f5 14. b4 Bc7 15. Bg5 Rde8 16. bxc5 Nxc5 17. 0-0 h6 18. Bh4 fxe4 19. dxe4 Bxe4 20. Rfd1 Nxh4 21. Nxh4 Bxg2 22. Kxg2 Rd8 23. Nb2 Rhe8 24. Nd3 Qc6+ 25. Kg1 Qe4 26. Qxe4 Nxe4 27. Nb4 Kb7 28. Nf3 e5 29. Nd2 Nc3 30. Re1 e4 31. Nc4 Bd6 32. Nxd6+ Rxd6 33. a4 a5 34. Na2 Nxa4 35. Rab1 Nc5 36. Kf1 Rdd8 37. Rbd1 d3 38. cxd3 exd3 39. Rxe8 Rxe8 40. Rd2 Re2 41. Rxe2 dxe2+ 42. Kxe2 b5 43. f4 Kc6 44. h4 b4 45. g4 Kb5 46. Ke3 b3 47. Nc3+ Kc4 48. Nd1 a4 49. Kd2 Kd4 50. g5 a3 51. Kc1 Nd3+ 52. Kb1 Nxf4 53. gxh6 gxh6 54. Nf2 Ng2 55. Ng4 h5 56. Nf6 Nxh4 57. Nxh5 Kc3 0-1

[Event "Harrachov op-A"]
[Site "Harrachov"]
[Date "2009.10.29"]
[Round "7"]
[White "Broz, Pavel"]
[Black "Ruzicka, Vaclav"]
[Result "1/2-1/2"]
[WhiteElo "1973"]
[BlackElo "2082"]
[PlyCount "43"]
[EventDate "2009.10.24"]
[EventType "swiss"]
[EventRounds "9"]
[EventCountry "CZE"]
[SourceTitle "EXT 2012"]
[Source "ChessBase"]
[SourceDate "2011.11.24"]
[SourceVersion "1"]
[SourceVersionDate "2011.11.24"]
[SourceQuality "1"]

1. e4 c5 2. Nf3 d6 3. d4 cxd4 4. Nxd4 Nf6 5. Nc3 g6 6. Be3 Bg7 7. f3 0-0 8. Qd2 Nc6 9. Bc4 Bd7 10. h4 Rc8 11. Bb3 Ne5 12. 0-0-0 Nc4 13. Bxc4 Rxc4 14. g4 Qa5 15. Nb3 Qc7 16. h5 Rc8 17. Rh2 b5 18. hxg6 fxg6 19. e5 Nxg4 20. fxg4 Bxg4 21. exd6 exd6 22. Qd5+ 1/2-1/2

[Event "Harrachov op-A"]
[Site "Harrachov"]
[Date "2009.10.25"]
[Round "2"]
[White "Korschner, Miroslav"]
[Black "Broz, Pavel"]
[Result "1-0"]
[WhiteElo "2138"]
[BlackElo "1973"]
[PlyCount "67"]
[EventDate "2009.10.24"]
[EventType "swiss"]
[EventRounds "9"]
[EventCountry "CZE"]
[SourceTitle "EXT 2012"]
[Source "ChessBase"]
[SourceDate "2011.11.24"]
[SourceVersion "1"]
[SourceVersionDate "2011.11.24"]
[SourceQuality "1"]

1. Nf3 g6 2. d4 Nf6 3. g3 Bg7 4. Bg2 0-0 5. c4 d6 6. 0-0 Nbd7 7. Nc3 e5 8. e4 a5 9. h3 Ne8 10. Be3 f5 11. dxe5 Nxe5 12. Nxe5 Bxe5 13. exf5 Rxf5 14. g4 Rf8 15. f4 Bg7 16. Qd3 Bh6 17. Rad1 Ra6 18. b3 c6 19. Ne4 Qe7 20. Rf3 c5 21. Nc3 Nc7 22. Nb5 Nxb5 23. cxb5 Rb6 24. Bd2 Bd7 25. a4 d5 26. Bxa5 Rd6 27. Bc7 Rdf6 28. Be5 R6f7 29. Qxd5 Be6 30. Qd6 Qe8 31. Rdf1 Qc8 32. f5 gxf5 33. gxf5 Bxf5 34. Qxh6 1-0

[Event "CZE-ch Juniors op-A"]
[Site "Kouty nad Desnou"]
[Date "2009.03.08"]
[Round "2"]
[White "Vranova, Jarmila"]
[Black "Broz, Pavel"]
[Result "0-1"]
[WhiteElo "1807"]
[BlackElo "1968"]
[PlyCount "70"]
[EventDate "2009.03.07"]
[EventType "swiss"]
[EventRounds "9"]
[EventCountry "CZE"]
[SourceTitle "EXT 2011"]
[Source "ChessBase"]
[SourceDate "2010.11.26"]
[SourceVersion "1"]
[SourceVersionDate "2010.11.26"]
[SourceQuality "1"]

1. e4 e5 2. Nf3 Nc6 3. Bb5 a6 4. Ba4 b5 5. Bb3 d6 6. h3 Nf6 7. d4 Nxe4 8. Bd5 Bb7 9. Bxe4 d5 10. Bf5 Qf6 11. Bg4 h5 12. Bxh5 Rxh5 13. Nxe5 Rf5 14. Nf3 0-0-0 15. 0-0 Rxf3 16. Qxf3 Qxf3 17. gxf3 Nxd4 18. Na3 b4 19. c3 Ne2+ 20. Kg2 Nxc1 21. cxb4 Nd3 22. Rfd1 Nf4+ 23. Kg3 Bd6 24. Kg4 Kb8 25. Nc2 Ng6 26. f4 Rh8 27. Ne3 Rh4+ 28. Kf3 d4+ 29. Ke2 Nxf4+ 30. Kf1 dxe3 31. fxe3 Nd5 32. Kf2 Rxh3 33. a3 Rh2+ 34. Kg1 Nxe3 35. Rxd6 Rg2+ 0-1

[Event "CZE-ch opA U18"]
[Site "Frymburk"]
[Date "2002.??.??"]
[Round "3"]
[White "Broz, Pavel"]
[Black "Sebesta, Petr"]
[Result "1/2-1/2"]
[WhiteElo "1801"]
[BlackElo "2111"]
[PlyCount "53"]
[EventDate "2002.03.??"]
[EventType "swiss"]
[EventRounds "8"]
[EventCountry "CZE"]
[SourceTitle "EXT 2004"]
[Source "ChessBase"]
[SourceDate "2003.11.25"]
[SourceVersion "1"]
[SourceVersionDate "2003.11.25"]
[SourceQuality "1"]

1. e4 e6 2. d4 d5 3. Nd2 Nf6 4. e5 Nfd7 5. c3 c5 6. f4 Nc6 7. Ndf3 Qb6 8. h4 cxd4 9. cxd4 Bb4+ 10. Kf2 f6 11. Be3 0-0 12. Bd3 Nd8 13. h5 f5 14. Kg3 Nf7 15. Nh3 Nh6 16. Nf2 Nb8 17. Kh3 Nc6 18. Bc2 Be7 19. Nd3 Ng4 20. Qd2 Bd7 21. b3 Rac8 22. Rac1 Qd8 23. Nf2 Qe8 24. Kg3 Bb4 25. Qe2 Ba3 26. Rce1 Nh6 27. Bb1 1/2-1/2

[Event "CZE-ch opA U18"]
[Site "Frymburk"]
[Date "2002.??.??"]
[Round "6"]
[White "Fryc, Miroslav"]
[Black "Broz, Pavel"]
[Result "1-0"]
[WhiteElo "2084"]
[BlackElo "1801"]
[PlyCount "75"]
[EventDate "2002.03.??"]
[EventType "swiss"]
[EventRounds "8"]
[EventCountry "CZE"]
[SourceTitle "EXT 2004"]
[Source "ChessBase"]
[SourceDate "2003.11.25"]
[SourceVersion "1"]
[SourceVersionDate "2003.11.25"]
[SourceQuality "1"]

1. f4 d5 2. Nf3 Nf6 3. b3 g6 4. Bb2 Bg7 5. e3 0-0 6. Be2 Nbd7 7. 0-0 b6 8. Qe1 Bb7 9. d3 Re8 10. Ne5 c5 11. Nd2 Nf8 12. Qh4 e6 13. Qh3 N6d7 14. Ndf3 Nxe5 15. fxe5 d4 16. exd4 cxd4 17. Rae1 Bxf3 18. Qxf3 Re7 19. Qe4 Rc8 20. Bd1 Rd7 21. Rf3 Bh6 22. Ref1 Be3+ 23. Kh1 h6 24. Ba3 Nh7 25. h4 Bg5 26. hxg5 Nxg5 27. Qf4 Nxf3 28. Bxf3 Kg7 29. Bd1 a6 30. Bc1 Qh8 31. Rf3 Qh7 32. Qf6+ Kg8 33. Rh3 h5 34. Bg5 Qg7 35. Qf4 f5 36. Bf6 Qf8 37. Qg5 Kf7 38. Rxh5 1-0

[Event "CZE-ch opA U18"]
[Site "Frymburk"]
[Date "2002.??.??"]
[Round "8"]
[White "Kuchynka, Lubos"]
[Black "Broz, Pavel"]
[Result "1-0"]
[WhiteElo "1964"]
[BlackElo "1801"]
[PlyCount "83"]
[EventDate "2002.03.??"]
[EventType "swiss"]
[EventRounds "8"]
[EventCountry "CZE"]
[SourceTitle "EXT 2004"]
[Source "ChessBase"]
[SourceDate "2003.11.25"]
[SourceVersion "1"]
[SourceVersionDate "2003.11.25"]
[SourceQuality "1"]

1. d4 e6 2. c4 d5 3. Nc3 c5 4. cxd5 exd5 5. Nf3 Nc6 6. g3 Nf6 7. Bg2 cxd4 8. Nxd4 Be7 9. 0-0 0-0 10. Bg5 Be6 11. h3 h6 12. Be3 Re8 13. Rc1 Qd7 14. Kh2 a6 15. Na4 Bd8 16. Nc5 Qc7 17. b4 Nh5 18. Bf3 Nf6 19. a3 Nxd4 20. Bxd4 Qb8 21. Qc2 Be7 22. Qb2 Bxc5 23. Rxc5 Qd8 24. Bxf6 Qxf6 25. Qxf6 gxf6 26. e3 b6 27. Rc6 Rab8 28. Rd1 Red8 29. Rd4 Kg7 30. g4 Kf8 31. Kg3 Ke7 32. Kf4 Kd7 33. Rc2 Ke7 34. Rc7+ Ke8 35. Ra7 a5 36. bxa5 bxa5 37. Rxa5 Rb2 38. Kg3 Ra2 39. Bxd5 Bxd5 40. Rdxd5 Rxd5 41. Rxd5 Rxa3 42. Rh5 1-0

[Event "CZE-ch opA U18"]
[Site "Frymburk"]
[Date "2002.??.??"]
[Round "2"]
[White "Stehno, Pavel"]
[Black "Broz, Pavel"]
[Result "1/2-1/2"]
[WhiteElo "2232"]
[BlackElo "1801"]
[PlyCount "48"]
[EventDate "2002.03.??"]
[EventType "swiss"]
[EventRounds "8"]
[EventCountry "CZE"]
[SourceTitle "EXT 2004"]
[Source "ChessBase"]
[SourceDate "2003.11.25"]
[SourceVersion "1"]
[SourceVersionDate "2003.11.25"]
[SourceQuality "1"]

1. e4 e6 2. d4 d5 3. e5 c5 4. c3 Bd7 5. Nf3 Qb6 6. a3 Bb5 7. Bd3 Bxd3 8. Qxd3 Nc6 9. 0-0 Nge7 10. b4 cxb4 11. cxb4 Nf5 12. Bb2 Be7 13. Nbd2 0-0 14. Nb3 a5 15. b5 a4 16. bxc6 Qxb3 17. Qxb3 axb3 18. c7 Rfc8 19. Rfc1 Ra4 20. Rc3 Nxd4 21. Nxd4 Rxd4 22. Rac1 Rd2 23. Rxb3 Rxc7 24. Rf1 g6 1/2-1/2

[Event "Frymburk op-A"]
[Site "Frymburk"]
[Date "2000.??.??"]
[Round "5"]
[White "Broz, Pavel"]
[Black "Bartos, Alois"]
[Result "1/2-1/2"]
[WhiteElo "1744"]
[BlackElo "2065"]
[PlyCount "45"]
[EventDate "2000.01.??"]
[EventType "swiss"]
[EventRounds "9"]
[EventCountry "CZE"]
[SourceTitle "EXT 2002"]
[Source "ChessBase"]
[SourceDate "2001.11.25"]
[SourceVersion "1"]
[SourceVersionDate "2001.11.25"]
[SourceQuality "1"]

1. e4 c5 2. Nf3 e6 3. d4 cxd4 4. Nxd4 a6 5. Bd3 Nc6 6. Be3 Nf6 7. 0-0 Qc7 8. c3 d6 9. f4 Be7 10. Nd2 0-0 11. Be2 Bd7 12. Bf3 Rac8 13. N2b3 Rfd8 14. Kh1 b5 15. g4 e5 16. Nf5 Bxf5 17. exf5 d5 18. g5 Ne4 19. Bg4 f6 20. Qf3 Rf8 21. Nd2 Nxd2 22. Qxd5+ Kh8 23. Qxd2 1/2-1/2

[Event "Frymburk op-A"]
[Site "Frymburk"]
[Date "2000.??.??"]
[Round "6"]
[White "Broz, Pavel"]
[Black "Jirkovsky, Tomas"]
[Result "0-1"]
[WhiteElo "1740"]
[BlackElo "1975"]
[PlyCount "60"]
[EventDate "2000.01.??"]
[EventType "swiss"]
[EventRounds "9"]
[EventCountry "CZE"]
[SourceTitle "EXT 2002"]
[Source "ChessBase"]
[SourceDate "2001.11.25"]
[SourceVersion "1"]
[SourceVersionDate "2001.11.25"]
[SourceQuality "1"]

1. e4 c6 2. d4 d5 3. Nc3 dxe4 4. Nxe4 Nd7 5. Ng5 Ngf6 6. Bd3 e6 7. N1f3 h6 8. Ne4 Nxe4 9. Bxe4 Nf6 10. Bd3 Bd6 11. Qe2 0-0 12. 0-0 Qc7 13. h3 b6 14. Ne5 Bb7 15. Ng4 Nxg4 16. Qxg4 f5 17. Qe2 e5 18. Bc4+ Kh8 19. dxe5 Bxe5 20. Ba6 Rae8 21. Qd3 Rd8 22. Qe2 Rfe8 23. Qc4 b5 24. Bxb5 cxb5 25. Qxb5 a6 26. Qa4 Re6 27. c3 Rg6 28. f3 Qc5+ 29. Kh1 Bb8 30. Bf4 Bc6 0-1